Health promotion in nursing. / (Record no. 5792)
[ view plain ]
| 000 -LEADER | |
|---|---|
| fixed length control field | 01519nam a22001817a 4500 |
| 008 - FIXED-LENGTH DATA ELEMENTS--GENERAL INFORMATION | |
| fixed length control field | 151029b xxu||||| |||| 00| 0 eng d |
| 020 ## - INTERNATIONAL STANDARD BOOK NUMBER | |
| International Standard Book Number | 978133279082 |
| 050 ## - LIBRARY OF CONGRESS CALL NUMBER | |
| Classification number | RT42.M2466 |
| 100 ## - MAIN ENTRY--PERSONAL NAME | |
| Personal name | MAVILLE, Janice A. |
| 245 ## - TITLE STATEMENT | |
| Title | Health promotion in nursing. / |
| Statement of responsibility, etc. | Janice A. Maville and Carolina G. Huerta |
| 250 ## - EDITION STATEMENT | |
| Edition statement | 3rd ed. |
| 260 ## - PUBLICATION, DISTRIBUTION, ETC. | |
| Place of publication, distribution, etc. | Singapore: |
| Name of publisher, distributor, etc. | Delmar Cengage Learning, |
| Date of publication, distribution, etc. | 2008. |
| 300 ## - PHYSICAL DESCRIPTION | |
| Extent | xix, 506p.: |
| Other physical details | ills.; |
| Dimensions | 28cm. |
| 500 ## - GENERAL NOTE | |
| General note | Includes glossary and index. |
| 505 ## - FORMATTED CONTENTS NOTE | |
| Formatted contents note | Content: Conceptual foundations and theoretical approaches: Health promotion: Past, present, and future -- Nursing concepts and health promotion -- Theoretical foundations of health promotion -- The role of the nurse in health promotion -- Factors influencing health promotion: Communication -- Cultural considerations -- Environmental considerations -- Environmental factors -- The mind-body-spirit connection -- Promoting health throughout the life cycle: Promoting mother, infant, and toddler health -- The child -- The adolescent and young adult -- The middle-aged adult -- The older adult -- Health promotion through end-of-life -- Health-promotion strategies and interventions: Embracing proper nutrition -- Engaging in physical fitness -- Controlling weight -- Avoiding tobacco, alcohol, and substance abuse -- Enhancing holistic care -- Health-promotion concerns: Concerns of the health professional -- Economic and quality concerns -- Ethical, legal, and political concerns. |
| 700 ## - ADDED ENTRY--PERSONAL NAME | |
| Personal name | HUERTA, Carolina G. |
| 942 ## - ADDED ENTRY ELEMENTS (KOHA) | |
| Source of classification or shelving scheme | Library of Congress Classification |
| Koha item type | Books |
| Withdrawn status | Lost status | Source of classification or shelving scheme | Damaged status | Not for loan | Home library | Current library | Shelving location | Date acquired | Total Checkouts | Full call number | Barcode | Date last seen | Copy number | Price effective from | Koha item type |
|---|---|---|---|---|---|---|---|---|---|---|---|---|---|---|---|
| Library of Congress Classification | WISCONSIN INTERNATIONAL UNIVERSITY COLLEGE, GHANA - MAIN LIBRARY | WISCONSIN INTERNATIONAL UNIVERSITY COLLEGE, GHANA - MAIN LIBRARY | nursing | 29/10/2015 | RT42.M2466 | NURS/229/15 | 29/10/2015 | 1 | 29/10/2015 | Books | |||||
| Library of Congress Classification | WISCONSIN INTERNATIONAL UNIVERSITY COLLEGE, GHANA - MAIN LIBRARY | WISCONSIN INTERNATIONAL UNIVERSITY COLLEGE, GHANA - MAIN LIBRARY | nursing | 29/10/2015 | RT42.M24661 | NURS/230/15 | 29/10/2015 | 2 | 29/10/2015 | Books |
